000 00651cam a2200205 a 4500
020 _a0803933363 (v. 1)
020 _a0803937946 (v. 2)
082 0 0 _a616.89156
_bKAS
_cD
100 _aFlorence W. Kaslow
_940129
245 0 0 _aVoices in family psychology /
_cedited by Florence W. Kaslow.
260 _aNewbury Park :
_bSage Publications,
_cc1990.
300 _a456 p ;
_c24 cm
526 _a0
_b0
_c0
_d616_891560000000000_KAS
526 _a0
_b0
_c0
_d616_891560000000000_KAS
650 0 _aFamily psychotherapy.
_940130
650 2 _aFamily Therapy.
_940131
650 2 _aNUST
_96342
700 1 _aKaslow, Florence Whiteman.
_940132
942 _2ddc
_cBK
999 _c544492
_d544492